[Event "Moscow Aeroflot op-A"]
[Site "Moscow"]
[Date "2020.02.19"]
[Round "1"]
[White "Suleymanli, Aydin Elshan"]
[Black "Indjic, Aleksandar"]
[Result "1-0"]
[WhiteElo "2474"]
[BlackElo "2622"]
[PlyCount "95"]
[EventDate "2020.02.19"]
[EventType "swiss"]
[EventRounds "9"]
[EventCountry "RUS"]
[SourceTitle "CBM 195"]
[Source "ChessBase"]
[SourceDate "2020.04.30"]
[SourceVersion "1"]
[SourceVersionDate "2020.04.30"]
[SourceQuality "1"]

1. d4 d5 2. c4 c6 3. Nf3 Nf6 4. e3 Bf5 5. Nc3 e6 6. Bd3 Bg6 7. O-O Nbd7 8. b3
Bb4 9. Bb2 O-O 10. Ne2 Qe7 11. Nf4 Bxd3 12. Nxd3 Ba3 13. Qc1 Bxb2 14. Qxb2 Rfc8
15. c5 a5 16. a3 Ne8 17. Rfc1 Nc7 18. Nd2 Re8 19. e4 Nb5 20. e5 Qg5 21. Re1
Reb8 22. Re3 b6 23. Rc1 Qe7 24. Rg3 Rb7 25. a4 Nc7 26. cxb6 Rxb6 27. Qc3 Qf8
28. Nf4 g6 29. Qe3 Ne8 30. Rh3 Ng7 31. g4 f5 32. f3 g5 33. Nh5 h6 34. Rf1 Rb4
35. Nxg7 Qxg7 36. f4 fxg4 37. Rg3 h5 38. f5 Rf8 39. f6 Qg6 40. Nf3 c5 41. Qxg5
Kf7 42. Qc1 Rg8 43. dxc5 h4 44. Nxh4 Qh5 45. c6 Nxe5 46. Qc5 Qxh4 47. Qe7+ Kg6
48. f7 1-0

[Event "Moscow Aeroflot op-A"]
[Site "Moscow"]
[Date "2020.02.19"]
[Round "1"]
[White "Svane, Rasmus"]
[Black "Gokerkan, Cem Kaan"]
[Result "1/2-1/2"]
[WhiteElo "2608"]
[BlackElo "2461"]
[PlyCount "379"]
[EventDate "2020.02.19"]
[EventType "swiss"]
[EventRounds "9"]
[EventCountry "RUS"]
[SourceTitle "CBM 195"]
[Source "ChessBase"]
[SourceDate "2020.04.30"]
[SourceVersion "1"]
[SourceVersionDate "2020.04.30"]
[SourceQuality "1"]

1. Nf3 Nf6 2. g3 d5 3. Bg2 e6 4. O-O c5 5. c4 d4 6. e3 Nc6 7. exd4 cxd4 8. d3
Bc5 9. Bg5 O-O 10. Nbd2 Be7 11. Re1 h6 12. Bxf6 Bxf6 13. Rc1 Bd7 14. a3 a5 15.
c5 Ra6 16. Ne4 Be7 17. Qa4 e5 18. Nd6 Bxd6 19. cxd6 Rb6 20. Qc2 Qf6 21. Nd2 Be6
22. Ne4 Qd8 23. Re2 Rb5 24. Nc5 Qxd6 25. Nxe6 Qxe6 26. Qa4 Na7 27. Rc7 Rc8 28.
Rxc8+ Qxc8 29. Rc2 Qe6 30. Rc7 Rxb2 31. Rxb7 Rxb7 32. Bxb7 Qe7 33. Bd5 Qd8 34.
Qc4 Qd7 35. Qc5 a4 36. Bc4 e4 37. dxe4 d3 38. Bd5 Nb5 39. Qb4 Nc7 40. Qd4 Qb5
41. Kg2 Ne6 42. Qc3 Nc5 43. h4 h5 44. Kf3 Qb6 45. Qd4 Kf8 46. Bc4 Kg8 47. Bxd3
Qb3 48. Qxc5 Qxd3+ 49. Kf4 g6 50. Qb4 Qb3 51. Qd6 Qc2 52. Qd8+ Kh7 53. Qd4 Qc1+
54. Qe3 Qc7+ 55. Kf3 Qc4 56. Kf4 Qc7+ 57. Kf3 Qc4 58. Kg2 Kg8 59. Qf4 Qb3 60.
Qd6 Qc4 61. Qb8+ Kh7 62. Qe5 Qb3 63. Qc5 Kg8 64. Qe7 Qc4 65. e5 Qe4+ 66. Kh2
Qf3 67. Qc5 Qe4 68. Kg1 Qe1+ 69. Kg2 Qe4+ 70. Kh2 Qf3 71. Kg1 Qd1+ 72. Kg2 Qd3
73. Qe3 Qd5+ 74. Qf3 Qb3 75. Qf6 Qd5+ 76. Kh2 Qd4 77. Qf3 Qc4 78. Qa8+ Kg7 79.
Qd8 Qe4 80. Qf6+ Kg8 81. Qd8+ Kg7 82. Qf6+ Kg8 83. Qf4 Qc2 84. Qe3 Qb3 85. Kg2
Qd5+ 86. Qf3 Qb3 87. Qe4 Kh7 88. Qe3 Kg8 89. Qc5 Qd3 90. Qb4 Qd5+ 91. Kh2 Qf3
92. Qb2 Qb3 93. Qc1 Qf3 94. Kg1 Qe4 95. Qd1 Qc4 96. Qd8+ Kh7 97. Qf6 Qc7 98.
Kh2 Qd7 99. Qf4 Kg8 100. Qe4 Kh7 101. Kg2 Kg7 102. Qf3 Qd4 103. Qf6+ Kg8 104.
Qc6 Qg4 105. Qc2 Qd4 106. e6 Kf8 107. Qc6 Ke7 108. exf7 Kxf7 109. Qf3+ Kg7 110.
Qb7+ Kg8 111. Qe7 Qd5+ 112. Kh2 Qf3 113. Qe3 Qf7 114. Kg1 Qc4 115. Kg2 Qd5+
116. Qf3 Qc4 117. Qb7 Qd4 118. Qc6 Kg7 119. Qc7+ Kg8 120. Qc2 Kg7 121. Qc6 Kf7
122. Qf3+ Kg7 123. Kh2 Qc5 124. Kg1 Qd4 125. Qb7+ Kf6 126. Qc6+ Kf7 127. Qc7+
Kf6 128. Qc1 Kg7 129. Kf1 Qd3+ 130. Kg1 Qd4 131. Qe3 Qc4 132. Qe5+ Kg8 133. Kg2
Qc6+ 134. Kh2 Qf3 135. Qc5 Qe4 136. Qc8+ Kf7 137. Qc3 Qa8 138. Qc4+ Kg7 139.
Kg1 Qa7 140. Kf1 Kh7 141. Qd3 Qe7 142. Qe3 Qb7 143. Qd3 Qe7 144. f4 Qb7 145.
Kf2 Qb2+ 146. Ke3 Qb6+ 147. Ke4 Kh6 148. Kd5 Qb3+ 149. Kd4 Qb6+ 150. Kc4 Qa6+
151. Kc3 Qa5+ 152. Kd4 Qb6+ 153. Ke5 Qc7+ 154. Kd5 Qb7+ 155. Ke5 Qc7+ 156. Ke4
Qe7+ 157. Kf3 Qb7+ 158. Ke3 Qb6+ 159. Qd4 Qb3+ 160. Ke4 Qe6+ 161. Kd3 Qb3+ 162.
Qc3 Qd5+ 163. Ke3 Kh7 164. Qb4 Qd7 165. Ke4 Qd1 166. Ke5 Qd7 167. Qd6 Qf5+ 168.
Kd4 Qc2 169. Qe7+ Kg8 170. Qe3 Qc6 171. Qc3 Qb6+ 172. Kc4 Kh7 173. Kd5 Qb3+
174. Kd4 Qb6+ 175. Kd3 Qb1+ 176. Kc4 Qb6 177. Qb4 Qe6+ 178. Kb5 Qb3 179. Ka5
Qxg3 180. Qe7+ Kg8 181. Qe8+ Kg7 182. Qe7+ Kg8 183. Qd6 Qxh4 184. Qxg6+ Kf8
185. Qd6+ Qe7 186. Qh6+ Kg8 187. Qg6+ Kf8 188. Qh6+ Kg8 189. Qg6+ Kf8 190. Qh6+
1/2-1/2

[Event "Moscow Aeroflot op-A"]
[Site "Moscow"]
[Date "2020.02.19"]
[Round "1"]
[White "Vignesh, NR."]
[Black "Cordova, Emilio"]
[Result "0-1"]
[WhiteElo "2436"]
[BlackElo "2593"]
[PlyCount "92"]
[EventDate "2020.02.19"]
[EventType "swiss"]
[EventRounds "9"]
[EventCountry "RUS"]
[SourceTitle "CBM 195"]
[Source "ChessBase"]
[SourceDate "2020.04.30"]
[SourceVersion "1"]
[SourceVersionDate "2020.04.30"]
[SourceQuality "1"]

1. e4 c5 2. Nf3 d6 3. d4 cxd4 4. Nxd4 Nf6 5. Nc3 Nc6 6. Bg5 e6 7. Qd2 a6 8.
O-O-O Bd7 9. f3 Be7 10. h4 b5 11. Nxc6 Bxc6 12. Ne2 Rc8 13. Nd4 Bb7 14. Kb1 h6
15. Be3 Nd7 16. g4 Ne5 17. Be2 Qc7 18. g5 h5 19. Rhg1 g6 20. Bf4 O-O 21. Qe1
Rfd8 22. Bg3 Bf8 23. f4 Nc4 24. Bd3 Bg7 25. Bf2 e5 26. fxe5 Bxe5 27. c3 Re8 28.
Qe2 d5 29. Bxc4 dxc4 30. Nf3 Bg7 31. e5 Qc6 32. Rg3 a5 33. Re1 Qd5 34. Bd4 Qd7
35. Nd2 Qf5+ 36. Kc1 b4 37. Rf1 Qe6 38. Re3 a4 39. cxb4 c3 40. Bxc3 Qxa2 41. e6
Bxc3 42. Rxc3 Rxe6 43. Qd3 Rec6 44. b5 Rxc3+ 45. bxc3 a3 46. Qc2 Qa1+ 0-1

[Event "Moscow Aeroflot op-A"]
[Site "Moscow"]
[Date "2020.02.19"]
[Round "1"]
[White "Zhou, Jianchao"]
[Black "Vogel, Roven"]
[Result "1-0"]
[WhiteElo "2622"]
[BlackElo "2473"]
[PlyCount "93"]
[EventDate "2020.02.19"]
[EventType "swiss"]
[EventRounds "9"]
[EventCountry "RUS"]
[SourceTitle "CBM 195"]
[Source "ChessBase"]
[SourceDate "2020.04.30"]
[SourceVersion "1"]
[SourceVersionDate "2020.04.30"]
[SourceQuality "1"]

1. d4 d5 2. c4 e6 3. Nc3 Be7 4. Bf4 Nf6 5. e3 O-O 6. a3 b6 7. Nf3 Bb7 8. Rc1 c5
9. dxc5 bxc5 10. Be2 Nbd7 11. O-O Ne4 12. Qc2 Nxc3 13. bxc3 Nb6 14. cxd5 Nxd5
15. Be5 Bf6 16. c4 Bxe5 17. Nxe5 Nf6 18. f3 Qc7 19. Qc3 Nd7 20. Nxd7 Qxd7 21.
Qa5 Rfc8 22. Rfd1 Qc7 23. Qxc7 Rxc7 24. Rb1 Bc6 25. Kf2 Kf8 26. f4 Ke7 27. Bf3
Rac8 28. Bxc6 Rxc6 29. a4 Rb6 30. Rb5 Rcc6 31. Rdb1 Kd7 32. Ke2 Rd6 33. a5 Rxb5
34. Rxb5 Rc6 35. g4 h6 36. h4 g6 37. g5 hxg5 38. hxg5 Kc7 39. Kf3 Kd6 40. Rb7
Ra6 41. Rxf7 Rxa5 42. Rg7 Ra4 43. Rxg6 Rxc4 44. f5 Ke5 45. f6 Rc1 46. Kg2 Kf5
47. Rg8 1-0

[Event "Moscow Aeroflot op-A"]
[Site "Moscow"]
[Date "2020.02.19"]
[Round "1"]
[White "Zvjaginsev, Vadim"]
[Black "Rahul, Srivatshav P"]
[Result "1-0"]
[WhiteElo "2623"]
[BlackElo "2474"]
[PlyCount "101"]
[EventDate "2020.02.19"]
[EventType "swiss"]
[EventRounds "9"]
[EventCountry "RUS"]
[SourceTitle "CBM 195"]
[Source "ChessBase"]
[SourceDate "2020.04.30"]
[SourceVersion "1"]
[SourceVersionDate "2020.04.30"]
[SourceQuality "1"]

1. e4 e6 2. d3 d5 3. Nd2 Nf6 4. Ngf3 c5 5. g3 Nc6 6. Bg2 Be7 7. O-O O-O 8. b3
b5 9. a4 b4 10. Bb2 dxe4 11. Ne5 Nxe5 12. Bxe5 Bb7 13. Re1 Nd7 14. Bb2 Bf6 15.
Bxf6 Nxf6 16. dxe4 Qc7 17. e5 Nd5 18. Ne4 Rad8 19. Qg4 Qxe5 20. Nxc5 Ne3 21.
Nxb7 Qxa1 22. Rxa1 Nxg4 23. Nxd8 Rxd8 24. h3 Nf6 25. a5 h5 26. a6 Rd2 27. Ra4
Rxc2 28. Rxb4 Rc1+ 29. Bf1 Rc7 30. Rb8+ Kh7 31. Rb7 Rxb7 32. axb7 Nd7 33. f4
Kg8 34. Be2 h4 35. gxh4 Kf8 36. Kf2 Ke7 37. Ke3 Kd6 38. Bb5 Nb8 39. f5 exf5 40.
Kf4 Ke6 41. h5 Kf6 42. h4 a5 43. Bd3 Ke6 44. Bxf5+ Kf6 45. Bd3 Nc6 46. Bc4 Nb8
47. Bb5 Ke6 48. Kg5 Ke7 49. h6 gxh6+ 50. Kxh6 Kf6 51. h5 1-0

[Event "Moscow Aeroflot op-A"]
[Site "Moscow"]
[Date "2020.02.20"]
[Round "2"]
[White "Abdumalik, Zhansaya"]
[Black "Svane, Rasmus"]
[Result "0-1"]
[WhiteElo "2471"]
[BlackElo "2608"]
[PlyCount "96"]
[EventDate "2020.02.19"]
[EventType "swiss"]
[EventRounds "9"]
[EventCountry "RUS"]
[SourceTitle "CBM 195"]
[Source "ChessBase"]
[SourceDate "2020.04.30"]
[SourceVersion "1"]
[SourceVersionDate "2020.04.30"]
[SourceQuality "1"]

1. e4 e5 2. Nf3 Nc6 3. Bb5 a6 4. Ba4 Nf6 5. O-O Be7 6. Re1 b5 7. Bb3 O-O 8. a4
Bb7 9. d3 d6 10. c3 Na5 11. Bc2 c5 12. Nbd2 Re8 13. Nf1 b4 14. Ng3 Bf8 15. d4
exd4 16. cxd4 cxd4 17. Nxd4 g6 18. Bg5 h6 19. Bf4 Rc8 20. b3 Qb6 21. Qd2 Rxc2
22. Nxc2 Nxb3 23. a5 Qc5 24. Qxb4 Nxa1 25. Qxc5 dxc5 26. Rxa1 Nxe4 27. Ne3 g5
28. Bc7 Nxg3 29. hxg3 Be4 30. Rc1 Rc8 31. Bb6 Bd3 32. Nd5 c4 33. Bd4 Ba3 34.
Ra1 Bd6 35. g4 f5 36. gxf5 Bxf5 37. Bc3 Kf7 38. Nb4 Bxb4 39. Bxb4 c3 40. Rc1 c2
41. Kf1 Re8 42. g3 Bh3+ 43. Kg1 Re2 44. g4 Bxg4 45. Kg2 Re4 46. Bd2 Bd1 47. Ra1
Rd4 48. Be3 Rd3 0-1

[Event "Moscow Aeroflot op-A"]
[Site "Moscow"]
[Date "2020.02.20"]
[Round "2"]
[White "Adhiban, Baskaran"]
[Black "Sindarov, Javokhir"]
[Result "1/2-1/2"]
[WhiteElo "2654"]
[BlackElo "2537"]
[PlyCount "40"]
[EventDate "2020.02.19"]
[EventType "swiss"]
[EventRounds "9"]
[EventCountry "RUS"]
[SourceTitle "CBM 195"]
[Source "ChessBase"]
[SourceDate "2020.04.30"]
[SourceVersion "1"]
[SourceVersionDate "2020.04.30"]
[SourceQuality "1"]

1. Nf3 Nf6 2. c4 g6 3. d4 c5 4. Nc3 Bg7 5. e4 d6 6. dxc5 dxc5 7. Qxd8+ Kxd8 8.
Bf4 Ke8 9. O-O-O Bg4 10. Nd5 Na6 11. Be5 Rg8 12. Re1 Bxf3 13. gxf3 Nh5 14. Bg3
e6 15. Nc3 Ke7 16. e5 Nb4 17. Bh4+ Kf8 18. Ne4 b6 19. Kb1 Bxe5 20. Nxc5 Bc7
1/2-1/2

[Event "Moscow Aeroflot op-A"]
[Site "Moscow"]
[Date "2020.02.20"]
[Round "2"]
[White "Aditya, Mittal"]
[Black "Shimanov, Aleksandr"]
[Result "1/2-1/2"]
[WhiteElo "2427"]
[BlackElo "2587"]
[PlyCount "69"]
[EventDate "2020.02.19"]
[EventType "swiss"]
[EventRounds "9"]
[EventCountry "RUS"]
[SourceTitle "CBM 195"]
[Source "ChessBase"]
[SourceDate "2020.04.30"]
[SourceVersion "1"]
[SourceVersionDate "2020.04.30"]
[SourceQuality "1"]

1. Nf3 g6 2. g3 Bg7 3. Bg2 c5 4. c4 Nc6 5. O-O e6 6. Nc3 Nge7 7. e3 d5 8. d4
cxd4 9. Nxd4 Nxd4 10. exd4 dxc4 11. Qa4+ Bd7 12. Qxc4 Bc6 13. Bxc6+ bxc6 14.
Rd1 Qa5 15. Bf4 Rd8 16. Ne4 Qd5 17. Qxd5 Nxd5 18. Nd6+ Ke7 19. Nb7 Ra8 20. Bd6+
Kd7 21. Be5 Bf6 22. Rac1 Rhc8 23. Nc5+ Ke8 24. Bxf6 Nxf6 25. b3 a5 26. Rc4 Nd7
27. Ne4 Ke7 28. Rdc1 Ra6 29. Kg2 Nf6 30. Nxf6 Kxf6 31. Ra4 Rb8 32. Rc5 Rb5 33.
f4 Ke7 34. Rac4 Rbb6 35. Ra4 1/2-1/2

[Event "Moscow Aeroflot op-A"]
[Site "Moscow"]
[Date "2020.02.20"]
[Round "2"]
[White "Aryan, Chopra"]
[Black "Rakhmanov, Alexander"]
[Result "1/2-1/2"]
[WhiteElo "2562"]
[BlackElo "2645"]
[PlyCount "70"]
[EventDate "2020.02.19"]
[EventType "swiss"]
[EventRounds "9"]
[EventCountry "RUS"]
[SourceTitle "CBM 195"]
[Source "ChessBase"]
[SourceDate "2020.04.30"]
[SourceVersion "1"]
[SourceVersionDate "2020.04.30"]
[SourceQuality "1"]

1. e4 e5 2. Nf3 Nf6 3. Nxe5 d6 4. Nf3 Nxe4 5. Nc3 Nf6 6. d4 Be7 7. Bd3 O-O 8.
O-O Re8 9. h3 h6 10. Re1 Bf8 11. Rxe8 Qxe8 12. Bf4 Be6 13. Qe2 Nbd7 14. Re1 Qc8
15. Nd2 Qd8 16. Bg3 c6 17. f4 Qa5 18. Qf2 Re8 19. f5 Bd5 20. Rxe8 Nxe8 21. Nxd5
Qxd5 22. Nb3 c5 23. Qe2 Nef6 24. Bf2 b6 25. a4 Qa8 26. Bb5 d5 27. c4 a6 28.
Bxd7 Nxd7 29. Qf3 Qc6 30. dxc5 Nxc5 31. Nxc5 Bxc5 32. Qxd5 Bxf2+ 33. Kxf2 Qxa4
34. Qd8+ Kh7 35. Qxb6 Qxc4 1/2-1/2

[Event "Moscow Aeroflot op-A"]
[Site "Moscow"]
[Date "2020.02.20"]
[Round "2"]
[White "Asadli, Vugar Afgan Oglu"]
[Black "Kovalevskaya, Ekaterina"]
[Result "1-0"]
[WhiteElo "2538"]
[BlackElo "2407"]
[PlyCount "165"]
[EventDate "2020.02.19"]
[EventType "swiss"]
[EventRounds "9"]
[EventCountry "RUS"]
[SourceTitle "CBM 195"]
[Source "ChessBase"]
[SourceDate "2020.04.30"]
[SourceVersion "1"]
[SourceVersionDate "2020.04.30"]
[SourceQuality "1"]

1. e4 c5 2. c3 d5 3. exd5 Qxd5 4. d4 cxd4 5. cxd4 Nc6 6. Nf3 e6 7. Nc3 Qd8 8.
Bc4 Nf6 9. O-O Be7 10. Qe2 O-O 11. Rd1 Nb4 12. Ne5 Nbd5 13. Bg5 Nxc3 14. bxc3
Nd5 15. Bd2 Bg5 16. Bb3 Bxd2 17. Qxd2 b6 18. c4 Nf6 19. d5 Qd6 20. Nxf7 Rxf7
21. dxe6 Qxe6 22. c5 Qe8 23. Re1 Qf8 24. c6 Bf5 25. c7 Rc8 26. Rac1 Kh8 27.
Bxf7 Qxf7 28. Qd8+ Ng8 29. Re5 h5 30. h3 Kh7 31. f3 Nh6 32. Rc6 Qd7 33. Qxd7
Bxd7 34. Rc3 Kg6 35. Rd5 Be6 36. Rd8 Kf7 37. Rc6 Nf5 38. Rxe6 Rxc7 39. Re5 Ng3
40. h4 g6 41. Red5 Ke7 42. R8d6 Ne2+ 43. Kf2 Nf4 44. Rd2 Ne6 45. R6d5 Nf4 46.
Re5+ Kf7 47. Kg3 Ne6 48. Re4 Ng7 49. Kf4 Ne6+ 50. Kg3 Ng7 51. Kf2 Nf5 52. Rd8
Rc2+ 53. Re2 Rc7 54. Red2 Ke6 55. g3 Ke7 56. Rh8 Kf6 57. g4 Nxh4 58. gxh5 gxh5
59. Rxh5 Nf5 60. Rh8 Rc5 61. Rf8+ Ke7 62. Ra8 Ra5 63. Rc8 Kf6 64. Kg2 Ra3 65.
Rf2 Ne3+ 66. Kg3 Nf5+ 67. Kg4 Ne3+ 68. Kf4 Nd5+ 69. Kg3 Ne7 70. Rc4 b5 71. Re4
Nf5+ 72. Kg4 Ne3+ 73. Kg3 Nf5+ 74. Kg2 Ne3+ 75. Kh2 a5 76. Re2 Nf5 77. Kg2 b4
78. Kf2 Rd3 79. Rc4 Rd5 80. f4 Nd6 81. Rc6 a4 82. Rb6 Rd4 83. Ke3 1-0

[Event "Moscow Aeroflot op-A"]
[Site "Moscow"]
[Date "2020.02.20"]
[Round "2"]
[White "Badelka, Olga"]
[Black "Zhou, Jianchao"]
[Result "0-1"]
[WhiteElo "2404"]
[BlackElo "2622"]
[PlyCount "62"]
[EventDate "2020.02.19"]
[EventType "swiss"]
[EventRounds "9"]
[EventCountry "RUS"]
[SourceTitle "CBM 195"]
[Source "ChessBase"]
[SourceDate "2020.04.30"]
[SourceVersion "1"]
[SourceVersionDate "2020.04.30"]
[SourceQuality "1"]

1. c4 e6 2. Nf3 d5 3. e3 Nf6 4. b3 Be7 5. Bb2 O-O 6. Be2 dxc4 7. bxc4 c5 8. Nc3
b6 9. Rg1 Bb7 10. Qb1 Nbd7 11. g4 Ne8 12. d3 Nd6 13. Qc2 a6 14. Rd1 b5 15. e4
Qa5 16. e5 Nc8 17. Kf1 Na7 18. a3 Rad8 19. Ne4 Bxe4 20. dxe4 Nc6 21. Kg2 b4 22.
Ra1 Qb6 23. Qc1 a5 24. g5 Nd4 25. Nxd4 cxd4 26. axb4 Bxb4 27. f4 Nc5 28. Qb1 d3
29. Bf3 Nb3 30. Ra4 Nd2 31. Qc1 Qe3 0-1

[Event "Moscow Aeroflot op-A"]
[Site "Moscow"]
[Date "2020.02.20"]
[Round "2"]
[White "Bharath, Subramaniyam H"]
[Black "Karthikeyan, Murali"]
[Result "1/2-1/2"]
[WhiteElo "2402"]
[BlackElo "2602"]
[PlyCount "115"]
[EventDate "2020.02.19"]
[EventType "swiss"]
[EventRounds "9"]
[EventCountry "RUS"]
[SourceTitle "CBM 195"]
[Source "ChessBase"]
[SourceDate "2020.04.30"]
[SourceVersion "1"]
[SourceVersionDate "2020.04.30"]
[SourceQuality "1"]

1. Nf3 Nf6 2. g3 c5 3. Bg2 Nc6 4. O-O g6 5. c4 Bg7 6. Nc3 h5 7. e3 d6 8. d4 O-O
9. d5 Na5 10. Qe2 a6 11. e4 Bg4 12. Bf4 Nd7 13. Rac1 Ne5 14. b3 Rb8 15. Qe3
Bxf3 16. Bxf3 b5 17. cxb5 axb5 18. Be2 Qd7 19. Bh6 b4 20. Bxg7 Kxg7 21. f4 Ng4
22. Bxg4 hxg4 23. Ne2 f5 24. exf5 Rxf5 25. Rcd1 Rh8 26. Nc3 Rhh5 27. Ne4 Rxd5
28. Ng5 Rf5 29. a3 Nc6 30. axb4 cxb4 31. Qe2 Rhxg5 32. fxg5 Ne5 33. Rxf5 Qxf5
34. Qe3 Qc2 35. Rf1 Kg8 36. Rf2 Qd1+ 37. Kg2 Qd5+ 38. Kg1 Nf3+ 39. Rxf3 gxf3
40. Qxe7 Qd4+ 41. Kf1 Qd1+ 42. Kf2 Qc2+ 43. Kxf3 Qxb3+ 44. Qe3 Qf7+ 45. Ke2 b3
46. Kd2 Qb7 47. Qe6+ Kh7 48. Qh3+ Kg8 49. Kc1 Qc6+ 50. Kb2 Qc2+ 51. Ka3 Qa2+
52. Kb4 b2 53. Qc8+ Kh7 54. Qc7+ Kh8 55. Qc3+ Kg8 56. Qc8+ Kg7 57. Qc7+ Kh8 58.
Qc3+ 1/2-1/2

[Event "Moscow Aeroflot op-A"]
[Site "Moscow"]
[Date "2020.02.20"]
[Round "2"]
[White "Can, Emre"]
[Black "Artemiev, Vladislav"]
[Result "1/2-1/2"]
[WhiteElo "2600"]
[BlackElo "2728"]
[PlyCount "100"]
[EventDate "2020.02.19"]
[EventType "swiss"]
[EventRounds "9"]
[EventCountry "RUS"]
[SourceTitle "CBM 195"]
[Source "ChessBase"]
[SourceDate "2020.04.30"]
[SourceVersion "1"]
[SourceVersionDate "2020.04.30"]
[SourceQuality "1"]

1. d4 Nf6 2. c4 g6 3. Nc3 d5 4. Nf3 Bg7 5. Qb3 dxc4 6. Qxc4 O-O 7. e4 c6 8. Be2
b5 9. Qb3 Qa5 10. e5 Be6 11. Qc2 Nd5 12. Bd2 Nxc3 13. bxc3 Bc4 14. Bxc4 bxc4
15. h4 Qd5 16. h5 c5 17. hxg6 hxg6 18. Rh4 cxd4 19. cxd4 Nd7 20. Ke2 Rab8 21.
Bc3 Rfd8 22. Rah1 Nf8 23. Ng5 Rb6 24. R1h3 Ra6 25. Kf1 Rb8 26. Re3 Qb5 27. Re1
Ra3 28. Rh3 Qa4 29. Re2 Qxc2 30. Rxc2 f6 31. Ne4 Ne6 32. Re3 fxe5 33. dxe5 Nf4
34. Bd2 Rb1+ 35. Re1 Rxe1+ 36. Bxe1 Bxe5 37. Bb4 Rd3 38. Bd2 Rd4 39. f3 Nd5 40.
Ke2 Bf4 41. Bxf4 Nxf4+ 42. Ke3 e5 43. Nc3 a6 44. g3 Nd3 45. f4 Nb4 46. Rc1 Rd3+
47. Ke4 exf4 48. gxf4 Nc6 49. Na4 Ra3 50. Rxc4 a5 1/2-1/2

[Event "Moscow Aeroflot op-A"]
[Site "Moscow"]
[Date "2020.02.20"]
[Round "2"]
[White "Cordova, Emilio"]
[Black "Sarana, Alexey"]
[Result "1/2-1/2"]
[WhiteElo "2593"]
[BlackElo "2656"]
[PlyCount "55"]
[EventDate "2020.02.19"]
[EventType "swiss"]
[EventRounds "9"]
[EventCountry "RUS"]
[SourceTitle "CBM 195"]
[Source "ChessBase"]
[SourceDate "2020.04.30"]
[SourceVersion "1"]
[SourceVersionDate "2020.04.30"]
[SourceQuality "1"]

1. d4 Nf6 2. Nf3 g6 3. g3 Bg7 4. Bg2 d5 5. O-O c6 6. Nbd2 O-O 7. Re1 Bf5 8. c3
Qc8 9. Ng5 Nbd7 10. e4 dxe4 11. Ngxe4 Re8 12. a4 Nxe4 13. Nxe4 Nf6 14. Nxf6+
Bxf6 15. a5 a6 16. Bf4 Be6 17. Be5 Bd5 18. Bxd5 cxd5 19. Bxf6 exf6 20. Rxe8+
Qxe8 21. Qb3 Qd7 22. Re1 Kg7 23. Qb4 Re8 24. Rxe8 Qxe8 25. Qxb7 Qe1+ 26. Kg2
Qe4+ 27. Kg1 Qe1+ 28. Kg2 1/2-1/2

[Event "Moscow Aeroflot op-A"]
[Site "Moscow"]
[Date "2020.02.20"]
[Round "2"]
[White "Durarbayli, Vasif"]
[Black "Nesterov, Arseniy"]
[Result "1/2-1/2"]
[WhiteElo "2625"]
[BlackElo "2501"]
[PlyCount "90"]
[EventDate "2020.02.19"]
[EventType "swiss"]
[EventRounds "9"]
[EventCountry "RUS"]
[SourceTitle "CBM 195"]
[Source "ChessBase"]
[SourceDate "2020.04.30"]
[SourceVersion "1"]
[SourceVersionDate "2020.04.30"]
[SourceQuality "1"]

1. e4 e5 2. Nf3 Nc6 3. Bb5 Nf6 4. O-O Nxe4 5. d4 Nd6 6. Bxc6 dxc6 7. dxe5 Nf5
8. Qxd8+ Kxd8 9. h3 Be7 10. Rd1+ Ke8 11. Bg5 Bxg5 12. Nxg5 h6 13. Nf3 Be6 14.
Nc3 Rd8 15. Kh2 Ne7 16. g4 Nd5 17. Ne2 c5 18. Kg3 Ke7 19. a3 Nb6 20. Nc3 Rxd1
21. Rxd1 Nc4 22. a4 Rd8 23. Rxd8 Kxd8 24. b3 Na3 25. Ne1 a5 26. f4 g6 27. Ne4
c4 28. Nd2 c5 29. h4 cxb3 30. cxb3 c4 31. bxc4 Nxc4 32. Ne4 Nb2 33. Nd6 Bd5 34.
Nc2 Ke7 35. Ne3 Bc6 36. h5 Nxa4 37. hxg6 fxg6 38. Nec4 Nc3 39. f5 Ne4+ 40. Kf4
g5+ 41. Ke3 Nxd6 42. exd6+ Kd7 43. Kd4 Bb5 44. Nxa5 Kxd6 45. Nxb7+ Ke7 1/2-1/2

[Event "Moscow Aeroflot op-A"]
[Site "Moscow"]
[Date "2020.02.20"]
[Round "2"]
[White "Frolyanov, Dmitry"]
[Black "Vignesh, NR."]
[Result "1/2-1/2"]
[WhiteElo "2556"]
[BlackElo "2436"]
[PlyCount "69"]
[EventDate "2020.02.19"]
[EventType "swiss"]
[EventRounds "9"]
[EventCountry "RUS"]
[SourceTitle "CBM 195"]
[Source "ChessBase"]
[SourceDate "2020.04.30"]
[SourceVersion "1"]
[SourceVersionDate "2020.04.30"]
[SourceQuality "1"]

1. e4 c5 2. Nf3 d6 3. d4 cxd4 4. Nxd4 Nf6 5. Nc3 a6 6. Be2 e5 7. Nb3 Be7 8. O-O
O-O 9. a4 Be6 10. Bf3 Nbd7 11. a5 Qb8 12. Re1 Rc8 13. Bd2 Bd8 14. Nc1 b5 15.
Nd3 Nc5 16. Nb4 Nb7 17. Ncd5 Kh8 18. Nxf6 Bxf6 19. Bg4 Rc5 20. Be3 Rc4 21. Nd5
Bd8 22. b3 Rc6 23. Bb6 Qc8 24. h3 Bxg4 25. hxg4 Rxc2 26. Bxd8 Nxd8 27. Nb4 Rc5
28. Qxd6 Nb7 29. Qb6 Rc3 30. Red1 Nc5 31. Nd5 Rc2 32. Ne3 Rc3 33. Nd5 Rc2 34.
Ne3 Rc3 35. Nd5 1/2-1/2

[Event "Moscow Aeroflot op-A"]
[Site "Moscow"]
[Date "2020.02.20"]
[Round "2"]
[White "Gokerkan, Cem Kaan"]
[Black "Basso, Pier Luigi"]
[Result "1/2-1/2"]
[WhiteElo "2461"]
[BlackElo "2600"]
[PlyCount "46"]
[EventDate "2020.02.19"]
[EventType "swiss"]
[EventRounds "9"]
[EventCountry "RUS"]
[SourceTitle "CBM 195"]
[Source "ChessBase"]
[SourceDate "2020.04.30"]
[SourceVersion "1"]
[SourceVersionDate "2020.04.30"]
[SourceQuality "1"]

1. e4 e5 2. Nf3 Nc6 3. Nc3 Nf6 4. a3 d6 5. d4 exd4 6. Nxd4 Nxd4 7. Qxd4 Be7 8.
Bc4 O-O 9. O-O Re8 10. Bf4 Ng4 11. Nd5 Bf8 12. Rad1 Ne5 13. Bb3 c6 14. Nc3 Qa5
15. Bg3 b5 16. f4 Nd7 17. Kh1 Qb6 18. Qxb6 axb6 19. f5 Ne5 20. h3 Ra7 21. Bf2
Nd7 22. Bg3 Ne5 23. Bf2 Nd7 1/2-1/2

[Event "Moscow Aeroflot op-A"]
[Site "Moscow"]
[Date "2020.02.20"]
[Round "2"]
[White "Idani, Pouya"]
[Black "Buksa, Nataliya"]
[Result "1-0"]
[WhiteElo "2577"]
[BlackElo "2403"]
[PlyCount "91"]
[EventDate "2020.02.19"]
[EventType "swiss"]
[EventRounds "9"]
[EventCountry "RUS"]
[SourceTitle "CBM 195"]
[Source "ChessBase"]
[SourceDate "2020.04.30"]
[SourceVersion "1"]
[SourceVersionDate "2020.04.30"]
[SourceQuality "1"]

1. e4 c5 2. Nf3 Nc6 3. Bb5 g6 4. O-O Bg7 5. c3 e5 6. d4 cxd4 7. cxd4 exd4 8.
Bf4 Nge7 9. Bd6 a6 10. Bc4 O-O 11. a4 b6 12. Qd2 Na5 13. Na3 Nb7 14. Bd5 Nxd5
15. Bxf8 Qxf8 16. exd5 Nc5 17. Nxd4 Nxa4 18. Nc4 b5 19. Na5 Qd6 20. Nf3 Nxb2
21. Rfe1 h6 22. Re8+ Kh7 23. Rae1 Nc4 24. Qd3 Bf6 25. Nxc4 bxc4 26. Qxc4 Bb7
27. Rxa8 Bxa8 28. Rd1 Kg7 29. h4 Bb7 30. h5 Kh7 31. hxg6+ fxg6 32. Qb3 Ba8 33.
Nh2 h5 34. Nf3 Kg7 35. Nh2 Qc5 36. Nf1 Bd4 37. Ne3 a5 38. Qd3 Bxe3 39. fxe3 Bb7
40. Qe4 a4 41. Qe5+ Kh7 42. Rf1 Kh6 43. Rf7 Qb4 44. Qg7+ Kg5 45. Qf6+ Kh6 46.
Rf8 1-0